| 000 | 00328nam a2200121Ia 4500 | ||
|---|---|---|---|
| 008 | 220204s9999 xx 000 0 und d | ||
| 082 |
_a031 _bHOP |
||
| 100 | _aGLASS, Gene V | ||
| 245 | 0 | _aBasic statistics for the behavioural sciences | |
| 260 |
_aNew Jersey _bPrentice Hall _c1978 |
||
| 700 | _aHOPKINS, Kenneth D | ||
| 942 | _cBK | ||
| 999 |
_c29012 _d29012 |
||